000 00395nam a2200181Ia 4500
005 20240823045407.0
008 240823s9999||||xx |||||||||||||| ||und||
041 _aENGLISH
082 _A301 N9
100 _aTylpr E B
245 0 _aDictionary of Anthropology
250 _a1st
260 _c1999
_bGoyl
500 _aYES
650 _aGeneral
_bGeneral
942 _cBK
999 _c214859
_d214859